• 首页
  • 本馆介绍
  • 公告通知
  • 最新文献
  • 馆藏检索
  • 电子资源
  • 读者导购
  • 参考咨询
  • 我的图书馆
  • 登录
  • 详细信息显示
  • 放入我的书架
  • 预约/预借图书
  • 作者相关作品
  • 分类相关作品
  • 丛书相关作品
  • 出版社相关作品

书目信息

  • 表格格式
  • 工作单格式
  • 卡片格式
题名:
美国南北战争
    
 
作者: 罗瑞华 著
分册:  
出版信息: 北京   商务印书馆  1973
页数: 38页
开本: 20cm
丛书名:
单 册:
中图分类: K712.43
科图分类:
主题词: 北美洲--历史
电子资源:
ISBN:
000 00574nam0 2200217 450
001 0641020577
005 20060801165404.67
010    @dCNY0.10
100    @a20060725d1973 km y0chiy0120 ea
101 0  @achi
102    @aCN@b110000
102    @aCN@b110000
200 1  @a美国南北战争@Amei guo nan bei zhan zheng@f罗瑞华著@Fluo rui hua zhu
210    @a北京@c商务印书馆@d1973
215    @a38页@d20cm
300    @a历史知识读物
606 0  @a北美洲@x历史
690    @aK712.43@v3
701  0 @a罗瑞华@Aluo rui hua@4著
801  0 @aCN@bPFT@c20060801
905    @a10447@dK712.43@e23
    
    美国南北战争/罗瑞华著.-北京:商务印书馆,1973
    38页;20cm
    历史知识读物
    
    ISBN :CNY0.10
    
●
相关链接 在E读中查询图书 在五车中查询图书 在当当中查询图书 在豆瓣中查询图书


正题名:美国南北战争     索取号:K712.43/23         预约/预借

序号 登录号 条形码 馆藏地/架位号 状态 备注
1 0436144   204361449   密集书库/ [索取号:K712.43/23] 在馆    
2 0444115   204441158   密集书库/ [索取号:K712.43/23] 在馆    
3 0460497   204604972   密集书库/ [索取号:K712.43/23] 在馆    
4 0462210   204622104   密集书库/ [索取号:K712.43/23] 在馆    
5 0462211   204622113   密集书库/ [索取号:K712.43/23] 在馆    
6 0462631   204626315   密集书库/ [索取号:K712.43/23] 在馆    
7 0462632   204626324   密集书库/ [索取号:K712.43/23] 在馆    
唐山师范学院图书馆 欢迎您!
大连网信软件有限公司© 版权所有